000 00726nam a22002177a 4500
003 UA-OsUOA
001 68648
007 ta
008 20100511b un ||||| |||| 00| 0 ukr d
100 _aМиськів Л.П.
090 _a330(477)
_bМ65
942 _cSA
040 _aUA-OsUOA
_bukr
_cUA-OsUOA
_dUA-OsUOA
245 _aОсобливості обліку формування та використання прибутку при застосуванні сучасного програмного забезпечення
300 _a68 с.
955 _a0
041 _aukr
080 _a330(477)
773 0 _w68642
_tЕкономіка АПК
_dК.
_d2010
_g5
650 7 _a330 Економіка взагалі
_2UDC
999 _c354904
_d354904